วิทยาลัยพยาบาลบรมราชชนนี ยะลา
ระบบห้องสมุดอัตโนมัติ ULIBM BCNYALA - V.6
เปลี่ยนเป็นภาษาไทย

Change to English
 แสดงรายละเอียดบรรณานุกรม
  กลับหน้าหลัก

Brief Record : Get Marc (ISO 2709) : E-mail record : QR code ปิดหน้าต่าง
คู่มือการตั้งเครื่องช่วยหายใจสำหรับผู้เริ่มต้น Review โดย
อีมาน สะแอ
ห้องสมุดวพบ.ยะลา
อีมาน สะแอ เมื่อ17/มีนาคม/2569
สารบัญ
บทที่ 1 การตั้งเครื่องช่วยหายใจเบื้องต้นสำหรับผู้เริ่มต้น-Initial Settings and Mode of Ventilation
บทที่ 2 การตั้งเครื่องช่วยหายใจเบื้องต้นสำหรับผู้เริ่มต้น- vCV Mode 
บทที่ 3 การตั้งเครื่องช่วยหายใจเบื้องต้นสำหรับผู้เริ่มต้น - PCV Mode 
บทที่ 4 การตั้งเครื่องช่วยหายใจเบื้องต้นสำหรับผู้เริ่มต้น - SIMV Mode
บทที่ 5 การตั้งเครื่องช่วยหายใจเบื้องต้นสำหรับผู้เริ่มต้น - SIMV Mode
บทที่ 6 การแปลผล Arteral Blood Gas (ABG)
บทที่ 7 วงจรการทำงานของเครื่องช่วยหายใจ
บทที่ 8 กราฟในเครื่องช่วยหาย-Respiratory Waveform 
บทที่ 9 การติดตามระบบหายใจในผู้ป่วยที่ใช้เครื่องช่วยหายใจ
บทที่ 10 การหายใจที่ไม่สัมพันธ์ระหว่างผู้ป่วย- เครื่องช่วยหายใจ
บทที่ 11 การตั้งเครื่อง High Flow Nasal Cannula (HFNC) ในผู้ป่วยภาวะหายใจล้มเหลว
บทที่ 12 การตั้งเครื่อง BiPAP (Bilevel Positive Airway Pressure) ในผู้ป่วยภาวะหายใจล้มเหลว
บทที่ 13 การหย่าเครื่องช่วยหายใจและการถอดท่อหายใจในหอผู้ป่วยวิกฤต (ICU)
บทที่ 14 การตั้งค่าเครื่องช่วยหายใจสำหรับภาวะเฉพาะโรคพร้อมกรณีศึกษาในผู้ป่วยที่ได้การรักษาด้วยเครื่องช่วยหายใจ

E-books : เกี่ยวกับ Collections
LEADER 00000nam 2200000uu 4500
001    3819
003     ULIBM
008    240117s2567||||th 000 0 tha d
020    ^a9786166193060
060 04 ^aWY163^bว357ค
100 0  ^aวศิน จิริศานต์
245 10 ^aคู่มือการตั้งเครื่องช่วยหายใจสำหรับผู้เริ่มต้น/^cวศิน จิริศานต์
250    ^aพิมพ์ครั้งที่ 1
260    ^aกรุงเทพฯ :^bพริ้นเอเบิ้ล,^c2567.
300    ^a215 หน้า :^bภาพประกอบ ;^c21 ซม.
650  7 ^aเครื่องช่วยหายใจ
650  7 ^aการตั้งค่าเครื่องช่วยหายใจ
650  7 ^aผู้ป่วย^xการดูแล
999    ^aอีมาน
รายการนี้ยังไม่มีแท็ก
คุณยังไม่ได้ล็อกอิน คุณสามารถมีกิจกรรมร่วมกับเว็บไซต์ได้ แต่ต้องล็อกอินก่อน ::
  ล็อกอิน
ลำดับที่ ประเภท เลขเรียก สถานที่ สถานะ
1. หนังสือทางการพยาบาล
หนังสือสำรอง
สถานะ=หนังสือสำรอง
WY163 ว357ค 2567 ฉ.1 
  
ห้องสมุดวพบ.ยะลา
►หนังสือสำรอง
On Shelf
  ขอยืม
2. หนังสือทางการพยาบาล
หนังสือทางการพยาบาล
WY163 ว357ค 2567 ฉ.2 
  
ห้องสมุดวพบ.ยะลา
►หนังสือ ตำรา ทางการพยาบาล
On Shelf
  ขอยืม
3. หนังสือทางการพยาบาล
หนังสือทางการพยาบาล
WY163 ว357ค 2567 ฉ.3 
  
ห้องสมุดวพบ.ยะลา
►หนังสือ ตำรา ทางการพยาบาล
On Shelf
  ขอยืม
   [แสดง 3/3 รายการ]

รายการใกล้เคียง
    ผู้แต่ง [วศิน จิริศานต์]

    หัวเรื่อง [เครื่องช่วยหายใจ]

BibComment


ยังไม่เคยถูกคอมเมนท์

คอมเมนท์ทรัพยากรรายการนี้
  คอมเมนท์: คู่มือการตั้งเคร..
Bib 3819

 
 
 

 Union Library Management : ULibM

ดูหนังออนไลน์

Copyright 2026. All Rights Reserved.